Catálogo

Vista normal Vista MARC

Entrada Personal Name

Número de registros utilizados en: 1

001 - CONTROL NUMBER

  • control field: 13721

003 - CONTROL NUMBER IDENTIFIER

  • control field: DLC

005 - DATE AND TIME OF LATEST TRANSACTION

  • control field: 20230208093522.0

008 - FIXED-LENGTH DATA ELEMENTS

  • fixed length control field: 090309n| azannaabn |n aaa

010 ## - LIBRARY OF CONGRESS CONTROL NUMBER

  • LC control number: n 2009014469

035 ## - SYSTEM CONTROL NUMBER

  • System control number: (CaEvSKY)skya8750191

035 ## - SYSTEM CONTROL NUMBER

  • System control number: (OCoLC)oca08038491

040 ## - CATALOGING SOURCE

  • Original cataloging agency: DLC
  • Language of cataloging: spa
  • Description conventions: rda
  • Transcribing agency: Mx-PuUPA
  • Modifying agency: MX-SlUA
  • Modifying agency: OCoLC
  • Modifying agency: Mx-PuUPA

046 ## - SPECIAL CODED DATES

  • Birth date: 1972

100 1# - HEADING--PERSONAL NAME

  • Personal name: Qualman, Erik,
  • Dates associated with a name: 1972-

370 ## - ASSOCIATED PLACE

  • Place of residence/headquarters: Boston (Massachuset)
  • Source of term: naf

373 ## - ASSOCIATED GROUP

  • Associated group: HULT Escuela de Negocios Internacionales
  • Source of term: naf

373 ## - ASSOCIATED GROUP

  • Associated group: Manumatiz
  • Associated group: Bazaarvoice

374 ## - OCCUPATION

  • Occupation: Consultor
  • Occupation: Autor
  • Source of term: lcsh

375 ## - GENDER

  • Gender: hombre

377 ## - ASSOCIATED LANGUAGE

  • Language code: eng

670 ## - SOURCE DATA FOUND

  • Source citation: Qualman, Erik. Socialnomics, c2009:
  • Information found: ECIP t.p. (Erik Qualman) data view, galley (Global Vice President of Online Marketing for EF Education, headquartered in Lucerne, Switzerland; b. 1972)

670 ## - SOURCE DATA FOUND

  • Source citation: Líder digital : 5 claves para conseguir el éxito, 2012:
  • Information found: title page (Erik Qualman) back flap (es autor del bestseller "Socialnomics". Es miembro del gabinete de asesores de Manumatiz y Bazaarvoice. Vive en Boston y es profesor MBA de Hult Internacional School of Business)